000 00363cam a2200145ua 4500
041 _aeng
_h
082 _a530.41
_bPIL/SO
100 _aPillai, S O .
245 _aSolid state physics /
_cS O Pillai.
_hTextual Documents
260 _aNew Delhi :
_bNew Age International Ltd ,
_c2007.
300 _a819 ; .
504 _a
942 _cBK
999 _c13356
_d13356